000 00546nam a22001817a 4500
999 _c188094
_d188094
005 20220510113449.0
010 _aENG-132577
020 _a9788192557113
_c800.00
035 _aEN-116109
037 _bDBAD/PUB
082 _a954.03
100 _aSingh, Anurag
245 _aNationalism And Social Structure/
_cAnurag Singh
260 _aAllahabad
_bAnurag Publication
_c2017
270 _a116/70, Lukerganj Allahabad-211001
_bAllahabad
_e211001
300 _a238p
_bBibliography
_c22cm,(hbk)
942 _2ddc
_cEN
_h954.03
_mANU